[Event "Hannover-ch U16"]
[Site "Lehrte"]
[Date "2010.10.10"]
[Round "3"]
[White "Hejazi, Rene"]
[Black "Brannys, Peter"]
[Result "1/2-1/2"]
[WhiteElo "781"]
[BlackElo "1137"]
[PlyCount "77"]
[EventDate "2010.10.09"]
[EventType "swiss"]
[EventRounds "7"]
[EventCountry "GER"]
[SourceTitle "EXT 2021"]
[Source "ChessBase"]
[SourceDate "2020.10.23"]
[SourceVersion "1"]
[SourceVersionDate "2020.10.23"]
[SourceQuality "1"]

1. e4 c5 2. d3 Nc6 3. Bf4 e5 4. Bg3 d6 5. c3 Nf6 6. Nd2 a6 7. h3 b5 8. a3 Be7 9. Be2 a5 10. Ngf3 b4 11. axb4 cxb4 12. 0-0 d5 13. Nxe5 Nxe5 14. Bxe5 0-0 15. Bxf6 Bxf6 16. Qc2 Re8 17. cxb4 Qb6 18. Qa4 Bb7 19. bxa5 Qxb2 20. Rfd1 Qc3 21. Qd7 Bc6 22. Qc7 Bd8 23. Qd6 Re6 24. Qa3 Qxa3 25. Rxa3 dxe4 26. dxe4 Bxe4 27. Nxe4 Rxe4 28. Bf3 Re8 29. Bxa8 Be7 30. Re1 Kf8 31. Bc6 Rc8 32. Rc3 Bb4 33. Re8+ Rxe8 34. Rc4 Re1+ 35. Kh2 Bxa5 36. Ra4 Bc7+ 37. g3 Rc1 38. Bb5 Rc5 39. Bd3 1/2-1/2

[Event "Hannover-ch U16"]
[Site "Lehrte"]
[Date "2010.10.10"]
[Round "4"]
[White "Rossberg, Justus"]
[Black "Hejazi, Rene"]
[Result "1-0"]
[WhiteElo "883"]
[BlackElo "781"]
[PlyCount "35"]
[EventDate "2010.10.09"]
[EventType "swiss"]
[EventRounds "7"]
[EventCountry "GER"]
[SourceTitle "EXT 2021"]
[Source "ChessBase"]
[SourceDate "2020.10.23"]
[SourceVersion "1"]
[SourceVersionDate "2020.10.23"]
[SourceQuality "1"]

1. e4 e5 2. Nf3 Nc6 3. Bc4 Bc5 4. 0-0 Nf6 5. d3 0-0 6. Nc3 d6 7. a3 h6 8. b4 Bd4 9. Nxd4 exd4 10. Nd5 Be6 11. Qf3 Bxd5 12. exd5 Ne5 13. Qg3 Kh8 14. Bb2 Nxc4 15. dxc4 Ne4 16. Qd3 Re8 17. Qxd4 c6 18. Qxg7# 1-0